|
|
|
|
| LEADER |
00000nab a2200000uu 4500 |
| 001 |
vtls011457682 |
| 003 |
SK-MaSNL |
| 005 |
20260303164950.0 |
| 008 |
230313|2013 xo |||||||||||||||||slo| |
| 015 |
|
|
|a SNBRB
|
| 035 |
|
|
|a (urnnbn)urn:nbn:sk:snk:ar-a0a2ex
|
| 035 |
|
|
|a (uuid)8ac0dca0-a442-46b8-afea-07d3f587a411
|
| 035 |
|
|
|a urn:nbn:sk:snk-abcs7t
|
| 040 |
|
|
|a SNKBUCL
|b slo
|c SNKBUCL
|e AACR2
|
| 041 |
0 |
|
|a slo
|
| 044 |
|
|
|a xo
|c SK
|
| 100 |
1 |
|
|a Rodan, Martin
|4 aut
|9 479654
|
| 245 |
1 |
0 |
|a Mýtus o Sizyfovi a Kierkegaard
|c Martin Rodan
|
| 773 |
0 |
|
|t Romboid
|g Roč. 48, č. 7 (2013), s. 31-41
|
| 958 |
|
|
|a OND
|
| 958 |
|
|
|a EUIPO
|
| 958 |
|
|
|a article16
|
| 999 |
|
|
|c 2068913
|d 2070843
|